000 02041cam a22004094i 4500
003 PE-LiUPU
005 20250731173217.0
008 150625s1970 sp r 000 0 spa d
035 _a(Sirsi) a33161
040 _aPE-LiUPU
_bspa
_cPE-LiUPU
_erda
082 0 4 _a227.6
_bB59
_221
100 1 _aBligh, John,
_eautor.
245 1 0 _aCarta a Los Filipenses /
_cJohn Bligh.
264 1 _aMadrid :
_bEdiciones Paulinas,
_c1970.
300 _a172 páginas ;
_c19 centímetros.
336 _atext
_2rdacontent
337 _aunmediated
_2rdamedia
338 _avolume
_2rdacarrier
490 0 _aBiblia y vida ;
_v3
505 0 _aPreparados para el juicio -- Gratitud y Generosidad -- Parentesco en Cristo -- El siervo doliente -- Dolor y gozo - Desprendimiento -- Persecución y paz -- Perseverancia en la tentación -- La unidad por la humildad -- El sentir de Cristo -- El espíritu de filial obediencia -- La llamada a imitar a Cristo -- La presencia de Dios -- Los pecados de la lengua -- El cuerpo místico en acción -- La cadena de la tradición -- Cómo no debemos imitar a Cristo -- Imitando al samaritano -- Morir con Cristo -- Asimilación con Cristo crucificado -- Pablo aspira a la perfección -- Ciudadanos de un mundo mejor -- Jesús, Salvador nuestro -- El libro de la vida -- Gozo y paz -- Pobreza apostólica -- Reunificación de la familia humana.
526 _aSEG42
526 _aSEG41
526 _aSEG40
526 _aSEG39
526 _aP94
526 _aP87
526 _aP86
526 _aP85
526 _aP77
526 _aP76
526 _aP35
942 _2ddc
_cBOOK
949 _a227.6 B59
_wDEWEY
_c1
_i39055
_lCCODEBUL1
_mBUL
_p00.00
_r0
_sY
_tBOOK
_u2015-06-25
_xBIBLIOTECA
_zUNKNOWN
_0COMPRA
_o.STAFF. Colección General
596 _a1
999 _a227.6 B59
_wDEWEY
_c40893
_i39055
_d40893
_e2019-5-20
_f2021-11-9
_g5
_lCCODEBUL1
_mBUL
_n2
_p23.00
_q3
_r0
_sY
_tBOOK
_u2015-6-25
_xTEOLOGIA
_PP35
_0COMPRA
_o.STAFF. Colección Teología
980 _81
_gALBERTO SANCHEZ Responsable de Automatización